000 00657nam a2200277Ia 4500
005 20260324111752.0
008 008 260324s9999 xx 000 0 eng d
020 _a9781003604037
037 _aEBOOK
040 _aCRL
040 _beng
040 _cCRL
041 _2eng
041 _aeng
084 _qCRL
100 _aFelix A. Farret
_91139942
245 0 _aEffects of Electromagnetic Radiation on Living Beings
260 _bTaylor and Francis
260 _c2025
365 _a
365 _b195
856 _uhttp://www.taylorfrancis.com/books/9781003604037
942 _cEBOOK
999 _c1728860
_d1728860